| 000 | 00795mam a2200277 a 4500 | ||
|---|---|---|---|
| 001 | 2178540 | ||
| 003 | ARRUPE | ||
| 005 | 20140326115303.0 | ||
| 008 | 940401s1932 enka 000 1 eng d | ||
| 010 | _a 33001503 | ||
| 035 | _a(OCoLC)ocm30066293 | ||
| 035 | _a(NNC)2178540 | ||
| 040 |
_aHVC _cHVC _dCOO _dKSU |
||
| 082 | 0 | 0 | _a823.91 |
| 090 |
_aPR5365 _b.A4 1932 |
||
| 100 | 1 |
_aShaw, Bernard, _d1856-1950. _99406 |
|
| 245 | 1 | 4 |
_aThe adventures of the black girl in her search for God / _cBernard Shaw. |
| 250 | _a1st ed. | ||
| 260 |
_aLondon : _bConstable, _c1932. |
||
| 300 |
_a[75] p. : _bill. ; _c21 cm. |
||
| 500 | _aDesigned and engraved by John Farleigh. | ||
| 650 | 0 |
_aChristianity. _99407 |
|
| 942 |
_2lcc _cMONOGRAPH |
||
| 948 | 2 |
_a20050913 _ba _cat2186 _dOSMC |
|
| 999 |
_c120271 _d120271 |
||